[Event "Budapest FS06 GM"]
[Site "Budapest"]
[Date "1999.06.07"]
[Round "3"]
[White "Maiwald, Jens Uwe"]
[Black "Czebe, Attila"]
[Result "1/2-1/2"]
[WhiteElo "2467"]
[BlackElo "2420"]
[Annotator "Oratovsky,M"]
[PlyCount "106"]
[EventDate "1999.06.??"]
[EventType "tourn"]
[EventRounds "10"]
[EventCountry "HUN"]
[EventCategory "9"]
[SourceTitle "CBM 072"]
[Source "ChessBase"]
[SourceDate "1999.10.01"]
[SourceVersion "1"]
[SourceVersionDate "1999.10.01"]
[SourceQuality "1"]

1. e4 c5 2. Nf3 Nc6 3. d3 d5 4. Nbd2 Nf6 5. Be2 $6 {after this passive move
white has to fight for an equality almost in all variations.More promising
continuation is} (5. g3 {[%cal Gf1g2]}) 5... e5 (5... g6 $5 6. c3 e5 7. O-O Bg7
8. Qc2 O-O 9. Rd1 Re8 10. Nf1 h6 11. b3 Be6 12. Ng3 Qe7 13. h3 Rad8 $15 {
Gueci,R-Rosino,A/Catania op 1995/1/2-1/2 (57)}) 6. c3 Be7 7. O-O O-O 8. a3 (8.
Re1 Re8 (8... d4 9. Nc4 Nd7 10. a4 b6 11. Bd2 a6 12. Qb1 Rb8 13. cxd4 cxd4 14.
Rc1 (14. b4 b5 15. axb5 Rxb5 $15 {[%csl Rb4]}) 14... a5 15. Bd1 $13 {Zetocha,
C-Turzo,A/Cseppko op 1997/1-0 (46)}) 9. Qc2 Bf8 10. Nf1 h6 11. Ng3 Rb8 12. a4
a6 13. Bd2 b5 14. axb5 axb5 {black has some space advantage. Yang Xian-Antunes,
A/Moscow olm 1994 1/2 (60)}) 8... b5 9. Re1 (9. b4 $5) 9... Rb8 10. Bf1 d4 ({
Deserved attention simple} 10... dxe4 $5 11. dxe4 (11. Nxe4 Nxe4 12. dxe4 Be6
$15 {[%csl Rb3]}) 11... c4 {with very comfortable position after} 12. a4 a6 13.
axb5 axb5 {[%csl Rd3][%cal Gf6d7,Gd7c5]} 14. b3 cxb3 15. Qxb3 Be6 $15) 11. c4
a6 12. cxb5 axb5 13. a4 Ba6 ({More promising continuation was} 13... Ra8 $5 {
preventing entering whites knight on c4} 14. b3 Nd7 15. Bb2 (15. axb5 Rxa1 16.
bxc6 Nb8 17. Nxe5 f6 $17) 15... bxa4 16. bxa4 Na5 17. Qc2 Ba6 $15 {[%csl Gc4]})
14. b3 Bd6 15. axb5 Bxb5 16. Nc4 $132 Ne8 17. g3 Bc7 18. Bh3 g6 $6 ({Deserved
attention} 18... Ra8 {creating counterplay on the queenside.After text move
whites initiative becomes stronger move by move.} 19. Rxa8 Qxa8 20. Bd7 Bxc4
21. bxc4 Nf6 22. Bh3 Ba5 23. Rf1 Rb8 24. Bg5 Bd8 $13) 19. Bh6 Ng7 20. Ng5 {
[%csl Rh7][%cal Gd1g4,Gg4h4]} Re8 21. Qg4 Bd6 22. f4 ({Nothing promises} 22.
Qh4 Be7 $132 {[%cal Ge7h4]}) 22... Be7 23. Rf1 Bxg5 24. Bxg5 f6 25. Bh4 (25.
Bh6 $5) 25... exf4 26. gxf4 Rf8 27. Qg2 ({Doesn't work} 27. e5 f5 28. Qg3 Qd7
29. Nd6 Nb4 30. Nxb5 Qxb5 {[%cal Gg7e6,Gb4d5,Gd5e3] and black knights are
better than white bishops.}) 27... Nb4 28. e5 $2 (28. Qd2 $142 $13) 28... Bc6
$17 29. Rf3 ({Doesn't help} 29. Qg3 Qd5 30. exf6 Nh5 $17 {and white is in the
troubles}) 29... Bxf3 30. Qxf3 Qd5 31. Qe2 fxe5 32. Nxe5 Ra8 {unaccurasy.After
simple} (32... Rxf4 33. Bg3 Rff8 $19 {black has a winning position.}) 33. Rxa8
Rxa8 34. Ng4 $132 Qxb3 35. Nh6+ Kh8 36. Bf6 Ra1+ (36... Nxd3 $6 37. Qe7 Ra1+
38. Bf1 (38. Kg2 Nxf4+ 39. Kf2 Nxh3+ 40. Ke2 Qd1#) 38... Rxf1+ 39. Kxf1 Qb1+
40. Kg2 Qa2+ 41. Kh1 $1 (41. Kh3 Qe6+ 42. Qxe6 Nxf4+ 43. Kg3 Nfxe6 $17) 41...
Qb1+ 42. Kg2 $11) 37. Bf1 Rxf1+ 38. Qxf1 Qxd3 39. Qa1 Qe3+ 40. Kg2 Qe4+ 41. Kg1
Qe3+ (41... Nd3 42. Qb1 Qxf4 $19) 42. Kg2 Qe2+ 43. Kg3 Qa6 $2 ({Still winning} 
43... Qe3+ 44. Kg2 Qe4+ {[%cal Gb4d3]}) 44. Qxa6 Nxa6 45. Kf3 Nb8 (45... d3 46.
Ke3 c4 47. Be5 $22 Nb4 48. Nf7+ Kg8 49. Nh6+ $11 {[%csl Rb4][%cal Ge5d6,Rd6b4,
Rd6f8]}) 46. Be7 {[%cal Gh6f7]} Ne8 (46... Nf5 47. Nxf5 gxf5 48. Bxc5 Nc6 49.
Ke2 Kg7 50. Kd3 $11) 47. Bxc5 Nc6 48. Nf7+ Kg7 49. Ne5 $11 Nxe5+ 50. fxe5 d3
51. Ke3 Kf7 52. Kxd3 Ke6 53. Ke4 Ng7 1/2-1/2

[Event "DDR-ch 36th"]
[Site "Glauchau"]
[Date "1987.02.11"]
[Round "7"]
[White "Boehnisch, Manfred"]
[Black "Paehtz, Thomas Sr"]
[Result "0-1"]
[WhiteElo "2305"]
[BlackElo "2415"]
[Annotator "Paehtz,T"]
[PlyCount "40"]
[EventDate "1987.02.05"]
[EventType "tourn"]
[EventRounds "13"]
[EventCountry "DDR"]
[EventCategory "6"]
[SourceTitle "EXT 2003"]
[Source "ChessBase"]
[SourceDate "2002.11.25"]
[SourceVersion "1"]
[SourceVersionDate "2002.11.25"]
[SourceQuality "1"]

{SCHACH 5/1987} 1. e4 c5 2. Nf3 Nf6 {Ab und zu wende ich diesen Zug gern an.}
3. e5 Nd5 4. Nc3 e6 5. Ne4 ({Scharfe Verwicklungen ergeben sich auch nach} 5.
Nxd5 exd5 6. d4 Nc6 7. dxc5 Bxc5 8. Qxd5 d6) 5... Nc6 6. c4 Nb6 7. b3 {Nach
den Erfahrungen dieser Partie sollte man sich doch lieber für den aggressiven
Zug} (7. b4 $1 {entscheiden.}) 7... d5 8. exd6 e5 $1 {Meines Erachtens eine
Neuerung.} ({Polugaevsky gibt nur} 8... Bxd6 $2) ({und} 8... f5 {an.}) 9. Nxc5
$2 {Weiss greift zu und daneben.} ({Unbedingt erforderlich war} 9. d4 $1 {
mit unklarem Spiel.}) 9... Qxd6 $1 10. Ne4 ({Vielleicht besser} 10. Ba3 $6)
10... Qg6 11. d3 $6 (11. Ng3) 11... f5 12. Nc3 $2 (12. Ng3) 12... Bb4 13. Bd2
e4 $1 14. dxe4 fxe4 15. Ng1 {Traurig, aber notwendig.} (15. Qe2 $2 O-O 16. Qxe4
$2 Bxc3) 15... O-O 16. Nge2 Qf6 $1 {Der Todesstreich! [#]} 17. Qc1 (17. Nxe4 $2
Bxd2+ 18. Kxd2 Rd8+) 17... Qxf2+ 18. Kd1 Bg4 19. Kc2 Bxc3 {Mit Figurengewinn}
20. Be3 Nd4+ 0-1

[Event "Paris Apsap op 103rd"]
[Site "Paris"]
[Date "2008.08.10"]
[Round "6"]
[White "Vallejo Pons, Francisco"]
[Black "Shirazi, Kamran"]
[Result "1-0"]
[WhiteElo "2650"]
[BlackElo "2440"]
[Annotator "Primel,D"]
[PlyCount "129"]
[EventDate "2008.08.06"]
[EventType "swiss"]
[EventRounds "9"]
[EventCountry "FRA"]
[SourceTitle "EXT 2010"]
[Source "ChessBase"]
[SourceDate "2010.11.25"]
[SourceVersion "1"]
[SourceVersionDate "2010.11.25"]
[SourceQuality "1"]

1. e4 c5 2. Nf3 Nf6 3. e5 (3. Nc3 $5 {L'alternative préférée par KHALIFMAN
dans sa monographie 8} d5 4. exd5 Nxd5 5. d4 e6 6. dxc5 $146 {Lilienthal,
A-Tartakower,S Paris 1930 1-0}) 3... Nd5 4. Nc3 (4. c3) (4. b3) 4... Nb4 $5 {
(1h28) La grande spécialité du MI mais c'est un choix assez douteux contre un
fort GMI} (4... e6 $142 {La grande ligne} 5. Nxd5 (5. Bc4 Nb6) 5... exd5 6. d4
{la ligne critique et le gambit donne des positions trés compliquées} Nc6 {
[%csl Rd5]} 7. dxc5 Bxc5 8. Qxd5 Qb6 $1 {[%csl Rf2] Cette idée de LARSEN a
relancé le gambit des noirs.} 9. Bc4 {[%csl Rf2,Rf7][%cal Gd5f7,Gc5f2]} Bxf2+
10. Ke2 O-O $13 {Boulard,E (2160)-Schall,A (2280) FRA-ch 57th Schiltigheim
1982 (5.5) 0-1}) 5. Ne4 {Il est intéressant de voir ce qu'avait préparé comme
amélioration le GMI sur la partie jouée а Issy en 2006} (5. d4 $6 {Marzolf,B 
(2235)-Shirazi,K (2405) Metz op 24th 2006 (4) 0-1}) (5. a3 $1 {la ligne
critique sur laquelle, le MI a été sévèrement battu а Issy, il y a quelques
mois.} N4c6 {le N a joué 4 fois en 5 coups!} 6. Bc4 Nd4 $6 (6... e6 $142 {
préféré par Olexa le créateur de la variante Nb4} 7. O-O {Hajek,M-Olexa,V
CSR-ch sf  Zvolen 1963 (8.7) 0-1}) 7. d3 $14 {Demarre,J (2163)-Shirazi,K (2448)
Syre mem op 31th 2008 (2.4) 1-0}) (5. Bc4 N4c6 $6 {Halberstadt,V-Raizman,M
Paris Ch 1934 1-0}) 5... b6 6. Bc4 $5 $146 {[%csl Rf7] (1h28)} (6. c3 {
Lamorelle,J (2222)-Shirazi,K (2405) Syre mem op 29th 2006 (6) 0-1}) 6... f5 $6
{Un coup typique du style de SHIRAZI, il avait notamment joué une partie
d'anthologie а Cappelle en jouant avec les noirs 1.e4e5 2.f4 f5?!} (6... Bb7 7.
d3 $14) 7. Ng3 $5 {[%csl Rg3] (1h03)} (7. Nfg5 $142 $1 {Le GMI a dépensé prés
d'une 1/2 h sur cette position compliquée,probablement а calculer
l'alternative Nfg5 qui donnait une bonne initiative aux blancs en profitant de
l'affaiblissement de la case "f7". Nfg5 est intrinséquement meilleur que Ng3
mais devant l'échiquier et ... sans Rykba, Ng3 est nettement plus raisonnable!}
d5 (7... fxe4 $4 8. Bf7#) (7... Qc7 {[%cal Ge8d8] Donne une case de fuite pour
le K mais les noirs ont un gros retard de développement.} 8. Qh5+ g6 9. Bf7+
Kd8 10. Bxg6 $40 Bb7 (10... fxe4 11. Nf7+) (10... Nxc2+ 11. Kd1 Bb7 (11... Nxa1
12. Nf7+ Ke8 13. Nxh8+) 12. Bxf5 Nxa1 13. e6 $1 Bc6 (13... Nc6 14. exd7) 14.
exd7 Bxd7 15. Nf7+ Kc8 16. Nxh8 $16)) (7... e6 8. Nf6+ $1 {[%cal Gd1h5]} Ke7 (
8... gxf6 9. Qh5+) 9. Nfxh7 $40) 8. exd6 e6 {[%cal Gf5e4,Gf8d6]} (8... exd6 9.
Nf7 Qh4 (9... Qe7 $2 10. Nfxd6+) 10. O-O $1 d5 {[%csl Rc4,Re4][%cal Gd5f4,
Gd5c4,Ge8f7] les blancs ont 3 pièces en prise!} 11. Nxh8 dxc4 12. Nc3 Bd6 13.
Re1+ Kf8 14. h3 N8c6 15. a3 Na6 16. Qf3 Bd7 17. Qd5 $40 {[%cal Gd5d6,Gd5f7]})
9. d4 $1 (9. Bb5+) 9... fxe4 (9... cxd4 10. a3 N4c6 11. Bxe6 $1 fxe4 12. Qh5+
g6 13. Qg4 Ne5 14. Qxe4 $40 {[%csl Re5][%cal Ge4e8,Ge4a8]}) 10. dxc5 (10. a3)
10... bxc5 11. Nxe4 Bb7 12. Qh5+ (12. Bb5+ Bc6 13. Qh5+ g6 14. Qe5 Kd7 15. Bg5
Qc8 16. Nxc5+) 12... g6 13. Qe5 $40 (13. Bb5+)) (7. exf6 $143 $6 exf6 8. a3 d5)
7... e6 (7... g6 $6 {trop lent} 8. Nxf5 gxf5 9. Ng5 {[%csl Rh5]} d5 10. e6 $1 (
10. Qh5+) 10... h5 (10... dxc4 11. Qh5#) 11. Be2 Bg7 12. Bxh5+ (12. c3 N4c6 13.
Bxh5+ Kf8 14. Qf3 $13 {[%csl Rf5]}) 12... Kf8) 8. c3 {(1h01)} (8. O-O $5 {
Semble un peu meilleur} Ba6 9. Bxa6 N8xa6 {[%csl Ra6,Rb4]} (9... N4xa6 10. d4
$32 {[%csl Ra6,Rb8,Re8]} Nc6 (10... cxd4 11. Nxd4 Nc6 (11... Be7 12. Qf3 {
[%csl Ra8]})) 11. d5 $36) 10. d4 $1 $36 {Il faut bien entendu ouvrir le jeu
pour profiter de l'avance de développement et la position des deux N noirs
n'inspire pas confiance.} cxd4 11. Nxd4 (11. Bg5 Be7 12. Bxe7 Qxe7 13. Nxd4 O-O
$132 {[%cal Ga6c5]}) (11. a3 Nc6 12. b4 {[%cal Gb4b5]} Nc7 13. Bb2 $14) 11...
Rc8 {[%cal Gb4c6]} 12. c3 (12. Ngxf5 $143 exf5 13. Nxf5 Nxc2 14. Nxg7+ $1 Bxg7
15. Qh5+ Kf8 16. Qf3+ Kg8 17. Qd5+ {ne donne qu'un échec perpétuel}) (12. Qe2 {
[%cal Ge2a6,Ga2a3]} Nc5 13. a3 Nc6) (12. Nh5 $6 Qh4 $1 $13) 12... Nc6 13. Nxc6
Rxc6 14. Qe2 Nc5) (8. d4 cxd4 9. O-O (9. Nxd4 Qc7 $13 {[%cal Gc7c4]}) (9. Bg5
$6 Be7 (9... Qc7 $1 10. Bb3 Ba6 {[%csl Re1]}) 10. a3) 9... Qc7 10. Bb3 Ba6 $132
) (8. Bb3 $1 {Peut-être la meilleure option des blancs qui évitent l'échange
du B de cases blanches tout en gardant l'avantage d'espace} Ba6 (8... Be7 9. d3
(9. a3 N4c6 (9... N4a6 10. d4) 10. d4 cxd4 11. O-O O-O (11... Ba6 12. Re1) 12.
Re1 d6) (9. d4 Ba6 {[%csl Ga6,Re1][%cal Ga6f1]} 10. a3 c4 11. axb4 cxb3 12. c3
{[%cal Gd1b3]} Bc4 13. Nd2 Qc8 14. Nxc4 Qxc4 15. Nf1 {[%cal Gf1e3]} (15. Qe2)
15... O-O (15... Nc6 $2 16. Ne3) 16. Ne3 Qb5 17. Qxb3 $16 (17. f4))) (8... h5
$6 {[%csl Rg3][%cal Gh5h4]} 9. h4 $1 {[%csl Gg5][%cal Gd2d3,Gc1g5]} Bb7 10. a3
$1 (10. d3 $143 $6 Bxf3 $1 11. Qxf3 N8c6 {[%cal Gc6d4]} 12. Nxh5 (12. Bg5 Nd4))
10... N4a6 {[%csl Rb8]} (10... N4c6 {[%csl Rb8]} 11. c3 {[%cal Gd2d4]} Na5 12.
Bc2 Bxf3 13. Qxf3 Nbc6 14. b4 Nc4 15. Qe2 {[%cal Gd2d3]} b5 16. a4 $16) 11. c3
Nc7 12. d4 $16 {[%csl Rb8]}) 9. d3 $14 {[%csl Ra6,Rb4,Rb8]}) 8... Ba6 $1 {
La position noire est étonnament solide notamment parce que le Ng3 est assez
mal placé} 9. Bxa6 {(55)} N4xa6 10. d4 {(53mns)} (10. O-O) 10... cxd4 11. Nxd4
{(52mns)} Be7 $6 {Donne l'occasion au Ng3 de se ranimer.} (11... Nc6 $142 {
[%cal Gc6d4,Gc6e5]} 12. Nxc6 dxc6 13. Qe2 Nc5 14. O-O Qd3 $1) 12. Qh5+ $36 (12.
Ngxf5 $1 exf5 13. Nxf5 {[%cal Gf5g7,Gd1h5,Gd1d5]} O-O (13... g6 $2 14. Bh6 $3
$40) 14. Qd5+ {[%cal Gd5a8,Gd5g8]} Kh8 15. Nh6 $1 (15. Qxa8 $143 Rxf5) 15...
gxh6 16. Qxa8 $16) 12... g6 13. Qf3 (13. Qe2 {[%cal Ge2a6]}) 13... Nc6 14. Nxe6
dxe6 15. Qxc6+ Kf7 16. Be3 (16. O-O Rc8 17. Qb5 Nc5) 16... Qd3 {[%csl Re1]} 17.
Ne2 {[%cal Ga1d1] (30mns)} Nc5 (17... Rad8) 18. Bxc5 bxc5 (18... Qc4 $5 {
[%cal Gc4c6]}) 19. Qxe6+ $1 {Spectaculaire mais Rd1 était également bon et
même meilleur pour garder la pression sur le K noir.} (19. Rd1 $142 $16 Rac8 (
19... Qc4 20. b3 Qg4 21. Rd7 Rad8 22. h3 {[%csl Rg4]}) 20. Qa4 $40 {[%csl Rd3]
[%cal Gd1d7]}) 19... Kxe6 20. Nf4+ Kxe5 21. Nxd3+ Kf6 22. O-O-O $16 {[%csl Rc5]
Les blancs ont des trés bonnes chances de gain mais il y a encore beaucoup de
travail pour valoriser le P de plus.} c4 23. Nf4 {[%cal Gf4d5,Gd5e7,Gd5f6]} (
23. Nb4 Bc5 24. Nd5+ Kf7 25. Rhe1 $1 $32 Rhe8 (25... Bxf2 $2 26. Re7+) 26. f4
Rxe1 27. Rxe1 Rd8 28. Rd1 (28. Ne3 Re8 29. Kd2 Rd8+) 28... Re8 29. b4 $1 Bd6
30. g3 Re2 31. Rd2 Re1+ 32. Kb2 h5 {[%cal Gh5h4]}) 23... Bc5 $1 24. Nd5+ (24.
Rhe1 Rhe8 25. Nd5+ Kf7 26. f4) 24... Kg5 25. Nc7 (25. f4+ Kg4 $6 (25... Kh4
$142) 26. b4 cxb3 27. axb3 Rhd8 28. Rd3) 25... Rac8 26. Ne6+ Kh6 27. Nxc5 {
La première partie du plan est atteinte avec l'élimination du B qui dominait
le N et donnait quelques chances de contre-jeu} Rxc5 28. Rhe1 {(19mns)} (28.
Rd4 Re8 29. Rhd1 (29. Rh4+) 29... Re2 30. R1d2 Re7 31. Kc2) 28... Rc7 29. Rd5 {
"Ne pas se presser en finale" comme le préconisait CHERECHEVSKY, les blancs
vont commencer une série de manoeuvre pour améliorer la position des R et
fatiguer la défence.} Rb8 30. Ree5 Rbb7 31. Re2 Rc8 32. Rde5 Rcc7 33. Kc2 {
(13mns)} Kg5 34. b4 $1 cxb3+ 35. axb3 {[%csl Gc3]} Kf6 36. Re6+ (36. c4) 36...
Kf7 37. c4 Rb8 38. Ra6 {[%csl Ra7] il ne restait plus que 11 secondes pour
passer le contrôle de temps!} Rcb7 39. Re3 Rd8 40. g3 {Le contrôle de temps
est passé et le GMI dispose de 20 mns en phase KO} Kg7 41. Re2 (41. c5) 41...
Kh6 $6 42. f4 {[%csl Gg5] (12mns)} (42. Kc3 $142 Kg5 43. c5 Rdb8 44. Rb2 $1)
42... Kh5 43. Rae6 Rdd7 44. h3 $1 {[%csl Rh5][%cal Ge2e5,Gg3g4]} Kh6 45. R2e5 {
[%cal Ge5f5,Ge6h6]} (45. Kc3 {[%cal Gb3b4]}) 45... Kg7 46. Rd5 {Avec des P sur
les deux ailes et des P faibles, les blancs ont normalement intérêt а échanger
une R} (46. c5 {[%cal Gc5c6]}) 46... Rdc7 (46... Rxd5 47. cxd5 Rb5 48. Re7+ Kf6
49. Re5 {[%cal Gc2c3,Gc3c4]} Kf7 50. Kc3 a5 {[%csl Rb4]} 51. d6 $1) 47. Kc3 {
la partie s'est terminée en zeitnot en phase ko et les deux feuilles de
parties étaient difficiles а déchiffrer.} Kf7 48. Red6 {[%cal Gc4c5]} Ke7 49.
Ra6 (49. c5 $2 Rxc5+) 49... Kf7 50. b4 $18 {le gain technique est maintenant
facile а réaliser car la majorité blanche ne peut être stoppée.} Re7 51. Re5
Red7 52. Ra1 Rd8 53. Rea5 Rdd7 54. Re5 Rd8 55. c5 Rbd7 56. c6 Rc7 57. b5 Kf6
58. h4 Rd6 59. Re2 Kf7 60. Rea2 Rdd7 61. Rxa7 $3 {La partie était gagnante
mais la pointe finale est jolie!} Rxa7 62. cxd7 Rxd7 63. b6 Kf6 64. Kc4 Rd8 65.
b7 1-0

[Event "Olympiad-41"]
[Site "Tromsoe"]
[Date "2014.08.14"]
[Round "11.1"]
[White "Shirov, Alexei"]
[Black "Markos, Jan"]
[Result "1-0"]
[WhiteElo "2709"]
[BlackElo "2602"]
[Annotator "Roiz,M"]
[PlyCount "73"]
[EventDate "2014.08.02"]
[EventType "team-swiss"]
[EventRounds "11"]
[EventCountry "NOR"]
[SourceTitle "CBM 162"]
[Source "ChessBase"]
[SourceDate "2014.09.17"]
[SourceVersion "1"]
[SourceVersionDate "2014.09.17"]
[SourceQuality "1"]
[WhiteTeam "Latvia"]
[BlackTeam "Slovakia"]
[WhiteTeamCountry "LAT"]
[BlackTeamCountry "SVK"]

1. e4 c5 2. Nf3 Nf6 {This conitunation is a rare guest on the top level.} 3. e5
Nd5 4. Nc3 {The most principled response.} e6 (4... Nxc3 5. dxc3 {is the
favourite line of GM Ipatov.}) 5. Nxd5 (5. Bc4 {didn't promise much:} Nb6 6. d3
d5 7. exd6 Bxd6 $11) ({After} 5. d4 Nc6 {White has nothing better than} 6. Nxd5
exd5 {transposing to the text.}) 5... exd5 6. d4 Nc6 {This move is connected
with a temporary pawn sacrifice.} (6... d6 {can hardly be recommended, as after
} 7. Bb5+ Nc6 8. O-O Be7 9. exd6 (9. c4 $5) 9... Qxd6 10. dxc5 Qxc5 11. Bd3 $14
{White has a risk-free advantage.}) 7. dxc5 {Alexei accepts the challenge.} (7.
c3 cxd4 8. Nxd4 (8. cxd4 Bb4+ 9. Bd2 Bxd2+ 10. Qxd2 d6 $11) 8... d6 (8... Nxe5
9. Bf4 d6 10. Bb5+ Bd7 11. Qb3 $36 {1-0 Korneev,O (2649)-Recuero Guerra,D 
(2315)/Dos Hermanas 2006/CBM 111 ext (46)}) 9. Bb5 Bd7 10. exd6 Bxd6 11. O-O
O-O {Black is close to equality.}) (7. Be2 {is harmless:} d6 8. exd6 Bxd6 9. c3
O-O 10. O-O Bf5 $11 {0-1 Yemelin,V (2562)-Naiditsch,A (2638)/Moscow 2008/CBM
122 Extra (89)}) 7... Bxc5 8. Qxd5 (8. c3 d6 9. b4 $6 Bb6 10. Qxd5 O-O 11. Bg5
Qe8 12. Qxd6 Bg4 $36) 8... Qb6 ({Black fails to prove a reasonable
compensation after} 8... d6 9. exd6 (9. Bc4 {as in Becerra Rivero,J (2557)
-Nakamura,H (2710)/ICC INT 2009/EXT 2010 (12)} {leads only to equality after}
Be6 10. Qd3 Nb4 11. Bb5+ Kf8 12. Qe2 Nxc2+ 13. Qxc2 Qa5+ 14. Bd2 Qxb5 15. a4
Qb3 $11) 9... Qb6 10. Qe4+ Be6 11. Qh4 Bxd6 12. Bd3 $14) 9. Bc4 {The only way
to fight for an advantage. Now both kings are in danger, but White's forces
are better mobilised.} (9. Qd2 O-O 10. Bd3 d6 11. O-O Nxe5 12. Nxe5 dxe5 $11)
9... Bxf2+ 10. Ke2 O-O {Black has managed to castle, but it hasn't solved the
problem...} 11. Rf1 Bc5 12. Ng5 $1 {Of course, Alexei goes for the most
aggressive way. In my opinion, this is a critical position for a whole
theoretical line.} (12. c3 d6 13. b4 Bxb4 14. cxb4 Be6 15. Qb5 Nd4+ 16. Nxd4
Qxd4 17. Bxe6 fxe6 18. Be3 Qg4+ $132) 12... Nxe5 {GM Markos decides to
liquadate into an inferior endgame.} ({The real test for White's agressive
setup would be} 12... Nd4+ $5 13. Kd1 Ne6 14. Ne4 d6 $1 15. exd6 Rd8 16. Bd3
Bxd6 17. Qh5 (17. Nxd6 Rxd6 18. Qf5 Rxd3+ 19. cxd3 Nd8 20. Qf4 Be6 $44) 17...
Bc7 18. Qxf7+ Kh8 {In the subsequent position Black has some compensation for
the pawn, but White is somewhat better.}) 13. Nxf7 $1 ({Correctly avoiding} 13.
Qxe5 d5 {when Black gets a powerful initiative:} 14. Bxd5 (14. Qxd5 Bg4+ 15.
Rf3 Rad8 16. Qe4 Bxf3+ 17. Kxf3 g6 $132) 14... Bg4+ 15. Kd3 Rfe8 $1 (15... Rad8
$2 16. Rxf7 Rxf7 17. Nxf7 $18 {1-0 Kaidanov,G (2605)-Kreitner,I/Chicago 1995/
EXT 2010 (22)}) 16. Nxf7 (16. Bxf7+ $2 Kh8 17. Bxe8 Rd8+ $19) 16... Rxe5 17.
Nh6+ Kh8 18. Nf7+ Kg8 $11) 13... Nxf7 14. Rxf7 Qe6+ 15. Qxe6 dxe6 16. Rxf8+
Kxf8 {White has a stable edge due to a preferable pawn structure and
difficulties with the development of the Bc8. However, Black's position should
be tenable.} 17. Bg5 (17. Bf4 $5 Bd4 18. Rf1 Bf6 19. Bd3 Kg8 20. Be4 $14 {
1-0 Danin,A (2602)-Smirnov,A (2418)/Tallinn EST 2014 (49)}) 17... Bd7 18. Rf1+
Ke8 {The king should be closer to the centre.} (18... Kg8 19. Rd1 Bc6 20. Bxe6+
Kh8 21. g3 $16) 19. Bd3 g6 $2 $146 {This inaccurate move is the main cause of
Jan's troubles.} ({Black should have tried to avoid any weakening movements on
the kingside:} 19... Be7 $1 20. h4 Rc8 $1 (20... Bxg5 $6 21. hxg5 Rc8 22. g6
hxg6 23. Bxg6+ Kd8 24. Rf8+ Kc7 25. Rf7 $16 {1-0 Hammer,J (2636)-Tomczak,J 
(2509)/Chotowa 2010/CBM 137 Extra (73)}) 21. Bxe7 (21. Bxh7 Bb5+) 21... Kxe7
22. Ke3 h6 $14) 20. Rf4 $1 {That is the point! The pawns are very vulnerable
now, and Black cannot avoid a loss of material.} Be7 {Black has to exchange
one pair of bishops in order to activate the pieces.} 21. Bxe7 Kxe7 22. Rh4 Bc6
(22... h5 23. Bxg6 Rg8 24. Be4 $18) 23. Rxh7+ Kf6 {Black keeps some practical
drawish chances due to the activity of his pieces, but the position should be
winning from a technical point of view.} 24. g4 (24. g3 $5 {also deserved
serious attention}) 24... Kg5 $6 ({It was possible to provide much more
resistance by means of} 24... g5 25. Ke3 Rf8 $16) 25. Ke3 Kxg4 26. Bxg6 {
White is ready to enter into a rook ending now.} Rf8 (26... e5 27. Bd3 Rf8 28.
Rg7+ Kh3 29. Be4 $18) 27. Be4 $1 Bxe4 28. Kxe4 Rf4+ (28... b5 29. Rg7+ Kh3 30.
Rxa7 $18) 29. Ke5 Rf2 30. Rg7+ Kh3 {Now the king is out of play, so White wins
easily.} 31. Kxe6 Rxc2 32. Rxb7 Kxh2 ({Or} 32... a5 33. a4 Kxh2 34. Rb5 Kg3 35.
Kd5 Kf3 36. b3 Rb2 37. Kc4 $18) 33. a4 Kg3 34. b4 a5 35. bxa5 (35. b5 {was
also good enough:} Ra2 36. b6 Rxa4 37. Ra7 Rb4 38. b7 a4 39. Kd5 $18) 35... Rc4
36. Kd5 Rxa4 37. Rb5 (37. Rb5 Ra2 38. Kc6 $18) 1-0